Da wiṣāl shpah. (Record no. 67572)

MARC details
000 -LEADER
fixed length control field 00599cam a22002171 4500
001 - CONTROL NUMBER
control field sa 66001065
003 - CONTROL NUMBER IDENTIFIER
control field DLC
005 - DATE AND TIME OF LATEST TRANSACTION
control field 20260227112219.0
008 - FIXED-LENGTH DATA ELEMENTS--GENERAL INFORMATION
fixed length control field 960922s195u pk 000 0 pusr
010 ## - LIBRARY OF CONGRESS CONTROL NUMBER
LC control number sa 66001065
025 ## - OVERSEAS ACQUISITION NUMBER
Overseas acquisition number PL480:P-Pushto-220
035 ## - SYSTEM CONTROL NUMBER
System control number (OCoLC)35601626
040 ## - CATALOGING SOURCE
Original cataloging agency DLC
Transcribing agency CLU
Modifying agency CLU
-- DLC
042 ## - AUTHENTICATION CODE
Authentication code premarc
050 00 - LIBRARY OF CONGRESS CALL NUMBER
Classification number PK6820.J3
Item number D24
100 0# - MAIN ENTRY--PERSONAL NAME
Personal name Jamshayd.
245 10 - TITLE STATEMENT
Title Da wiṣāl shpah.
Statement of responsibility, etc. Author: da topạy Jamshayd.
260 ## - PUBLICATION, DISTRIBUTION, ETC.
Place of publication, distribution, etc. Pishāwar,
Name of publisher, distributor, etc. Ḥājī Muḥammad, ʻAbd al-Khāliq, Faz̤al Mālik
Date of publication, distribution, etc. [195-?]
300 ## - PHYSICAL DESCRIPTION
Extent 48 p.
Dimensions 26 cm.
500 ## - GENERAL NOTE
General note Poems.

No items available.

Powered by Koha